| 000 | 00911nas a2200301 4500 | ||
|---|---|---|---|
| 001 | BR0002482 | ||
| 003 | BR-BrBNA | ||
| 005 | 20231205101841.0 | ||
| 007 | ta | ||
| 008 | 230509b bl.|||p| |||| 00| 00por d | ||
| 040 |
_aBR-BrBNA _bpor _cBiblioteca Nacional de Agricultura |
||
| 041 | _a(Pt) | ||
| 072 | _aF01; F62 | ||
| 100 | 1 | _aIlha, L.L.H. | |
| 100 | 1 | _aMarodin, G.A.B. | |
| 100 | 1 | _aSeibert, E. | |
| 100 | 1 | _aBarradas, C.I.N. | |
| 245 | 1 | _aEfeito do raleio e do anelamento do tronco no crescimento, producao e qualidade da ameixeira Japonesa | |
| 650 | _aAmeixa Japonesa | ||
| 650 | _aRaleio | ||
| 650 | _aAnelagem | ||
| 650 | _aCrescimento | ||
| 650 | _aQualidade | ||
| 650 | _aRio Grande do Sul | ||
| 773 | 0 |
_tPesquisa Agropecuaria Brasileira (Brazil) _xISSN 0100-204X _g(Dec 1999), v. 34(12) p. 2211-2217 _wBR0002482 |
|
| 909 |
_a202311 _bLúcia _c55 _dLúcia Elande |
||
| 942 |
_2AGRIS _n0 _cANA |
||
| 999 |
_c164309 _d164309 |
||